Liečivá v odpadových vodách ako nástroj na definovanie zdravotného stavu obyvateľstva

Uložené v:
Podrobná bibliografia
Hlavný autor: Adamcová, Dominika (Autor)
Ďalší autori: Bodík, Igor (Vedúci práce)
Médium: Rukopis Kniha
Jazyk:Slovak
Vydavateľské údaje: 2024
Predmet:
On-line prístup:http://is.stuba.sk/zp/portal_zp.pl?podrobnosti=168784
Tagy: Pridať tag
Žiadne tagy, Buďte prvý, kto otaguje tento záznam!

MARC

LEADER 00000ntm a22000003a 4500
001 stuzp99491
003 SK-STU
005 20240622211027.7
007 ta
008 150427s2015----xo-----f-mn---000-0-slo-d
040 |a STU  |b slo 
041 0 |a slo 
100 1 |a Adamcová, Dominika  |u 046290  |4 aut  |U FCHPT Ústav chemického a environmentálneho inžinierstva  |T FCHPT Oddelenie environmentálneho inžinierstva  |X 116044  |U C6290  |Y 120  |7 116044 
242 0 1 |a Pharmaceuticals in wastewater as a tool for defining the health status of the population  |y eng 
245 1 0 |a Liečivá v odpadových vodách ako nástroj na definovanie zdravotného stavu obyvateľstva 
260 |c 2024 
650 4 |a liečivá  |2 slo 
650 4 |a odpadové vody  |2 slo 
650 4 |a antibiotiká  |2 slo 
650 4 |a wastewater  |2 eng 
650 4 |a pharmaceuticals  |2 eng 
650 4 |a antibiotics  |2 eng 
700 1 |a Bodík, Igor  |u 046290  |k Z1  |4 ths  |U FCHPT Ústav chemického a environmentálneho inžinierstva  |T FCHPT Oddelenie environmentálneho inžinierstva  |X 3340  |U C6290  |Y 120  |7 A000003340 
856 4 |u http://is.stuba.sk/zp/portal_zp.pl?podrobnosti=168784